Подробности
| 000 -МАРКЕР |
| контрольное поле |
01440nam0a2200385 4500 |
| 001 - ИДЕНТИФИКАТОР ЗАПИСИ |
| контрольное поле |
RU\NLR\ONL2\5776 |
| 005 - ИДЕНТИФИКАТОР ВЕРСИИ |
| контрольное поле |
20260204000000.0 |
| 035 ## - ДРУГИЕ СИСТЕМНЫЕ НОМЕРА |
| Идентификатор записи |
(NLR Aleph) 009653374 |
| 100 ## - ДАННЫЕ ОБЩЕЙ ОБРАБОТКИ |
| Данные общей обработки |
20060912d1933 u y0rusy50 ca |
| 101 0# - ЯЗЫК РЕСУРСА |
| Язык текста, звукозаписи и т.д. |
тунгусский, эвенкийский |
| 102 ## - СТРАНА ПУБЛИКАЦИИ ИЛИ ПРОИЗВОДСТВА |
| Страна публикации |
российская федерация |
| 105 ## - ПОЛЕ КОДИРОВАННЫХ ДАННЫХ: ТЕКСТОВЫЕ МАТЕРИАЛЫ, МОНОГРАФИЧЕСКИЕ |
| Кодированные данные о монографическом текстовом документе |
y ||||||||| |
| 135 ## - ПОЛЕ КОДИРОВАННЫХ ДАННЫХ: ЭЛЕКТРОННЫЕ РЕСУРСЫ |
| Кодированные данные для электронного ресурса |
crcn 024anaba |
| 200 1# - ЗАГЛАВИЕ И СВЕДЕНИЯ ОБ ОТВЕТСТВЕННОСТИ |
| Основное заглавие |
Tatigawzakэllu |
| Первые сведения об ответственности |
N. S. Pawlenko |
| Последующие сведения об ответственности |
Науч.-исслед. ассоц. Ин-та народов Севера ЦИК СССР |
| 210 ## - ПУБЛИКАЦИЯ, РАСПРОСТРАНЕНИЕ И ДР. |
| Место издания, распространения и т.д. |
М. |
| -- |
Л. |
| Имя издателя, распространителя и т. д. |
Partizdat |
| Дата издания, распространения и т.д. |
1933 |
| 215 ## - ФИЗИЧЕСКАЯ ХАРАКТЕРИСТИКА |
| Специфическое обозначение материала и объем |
13,[3] c. |
| Размеры |
22 |
| 325 ## - ПРИМЕЧАНИЕ О КОПИИ |
| Текст примечания |
Копия доступна в Электрон. б-ке РНБ |
| 541 1# - ПЕРЕВОД ЗАГЛАВИЯ, СДЕЛАННЫЙ КАТАЛОГИЗАТОРОМ |
| Связь между полями |
z01790 |
| Заглавие |
Учитесь грамоте |
| Язык заглавия |
русский |
| 606 1# - НАИМЕНОВАНИЕ ТЕМЫ КАК ПРЕДМЕТ |
| Наименование темы |
Эвенкийский язык |
| Формальный подзаголовок |
Буквари |
| Системный номер авторитетной/нормативной записи |
1445086 |
| Идентификатор авторитетной/нормативной записи |
RU\NLR\AUTH\66611845 |
| 686 1# - ИНДЕКСЫ ДРУГИХ КЛАССИФИКАЦИЙ |
| Индекс |
Ш165.11-929 |
| 700 #1 - ИМЯ ЛИЦА - ПЕРВИЧНАЯ ОТВЕТСТВЕННОСТЬ |
| Начальный элемент ввода |
Pawlenko |
| Часть имени, кроме начального элемента ввода |
N. S. |
| Код отношения |
Автор |
| 790 #1 - ИМЯ ЛИЦА - АЛЬТЕРНАТИВНАЯ ФОРМА |
| Связь между полями |
z01541 |
| Начальный элемент ввода |
Павленко |
| Часть имени, кроме начального элемента ввода |
Н. С. |
| Код отношения |
Автор |
| 801 #0 - ИСТОЧНИК ЗАПИСИ |
| Страна |
российская федерация |
| Организация |
NLR |
| Дата составления |
20060912 |
| Правила каталогизации |
PSBO |
| 852 ## - МЕСТОНАХОЖДЕНИЕ И ШИФР ХРАНЕНИЯ |
| Идентификатор организации |
NLR |
| Наименование фонда или коллекции (Sub-Location Identifier) |
ОНЛ |
| Шифр хранения (Call Number) |
Эвенк./3-53 |
| 856 #0 - МЕСТОНАХОЖДЕНИЕ ЭЛЕКТРОННЫХ РЕСУРОВ И ДОСТУП К НИМ |
| Универсальный идентификатор ресурса (Uniform Resource Identifier) |
https://vivaldi.nlr.ru/bx700005003/view |
| 856 #1 - МЕСТОНАХОЖДЕНИЕ ЭЛЕКТРОННЫХ РЕСУРОВ И ДОСТУП К НИМ |
| Универсальный идентификатор ресурса (Uniform Resource Identifier) |
https://vivaldi.nlr.ru/bx700005003/cover |
| 856 #2 - МЕСТОНАХОЖДЕНИЕ ЭЛЕКТРОННЫХ РЕСУРОВ И ДОСТУП К НИМ |
| Универсальный идентификатор ресурса (Uniform Resource Identifier) |
https://vivaldi.nlr.ru/bx700005003/text |
| 942 ## - ДОПОЛНИТЕЛЬНЫЕ ЭЛЕМЕНТЫ ЗАПИСИ (АБИС) |
| Тип экземпляра АБИС |
Книга |
| 980 ## - КОЛЛЕКЦИЯ |
| Название коллекции |
Национальная библиография |
| 980 ## - КОЛЛЕКЦИЯ |
| Название коллекции |
Каталог книг на языках народов РФ и стран СНГ |
| 981 23 - КОЛЛЕКЦИЯ ЭЛЕКТРОННОЙ БИБЛИОТЕКИ |
| Название коллекции |
Национальные литературы |
| Название подколлекции |
Книги на национальных языках |